000
00304nam a22001337a 4500
008
181019b xxu||||| |||| 00| 0 eng d
020
_a
9780495559016
041
_a
eng
080
_a
612.39
100
_a
10
101
_a
NUT
245
_a
Community Nutrtion In action
_c
Boyle.M.A
942
_2
udc
_c
BK
999
_c
50219
_d
50219